000 01715nam a22003851i 4500
001 ebr10773062
003 CaPaEBR
006 m o d
007 cr cn|||||||||
008 130715s2012 enka ob 001 0 eng d
020 _a9780857722270 (e-book)
020 _z9781848859487
040 _aCaPaEBR
_beng
_erda
_epn
_cCaPaEBR
035 _a(OCoLC)868954405
043 _ae-ru---
_ae-lv---
_ae-pl---
050 1 4 _aNX542
_b.B79 2013eb
082 0 4 _a700.94709045
_223
100 1 _aBryzgel, Amy.
245 1 0 _aPerforming the East :
_bperformance art in Russia, Latvia and Poland since 1980 /
_cAmy Bryzgel.
264 1 _aLondon, England ;
_aNew York :
_bI.B. Tauris,
_c2012.
300 _a1 online resource (326 pages) :
_billustrations
336 _atext
_2rdacontent
337 _acomputer
_2rdamedia
338 _aonline resource
_2rdacarrier
504 _aIncludes bibliographical references and index.
588 _aDescription based on print version record.
590 _aElectronic reproduction. Palo Alto, Calif. : ebrary, 2013. Available via World Wide Web. Access may be limited to ebrary affiliated libraries.
650 0 _aPerformance art
_zRussia (Federation)
650 0 _aPerformance art
_zLatvia.
650 0 _aPerformance art
_zPoland.
655 0 _aElectronic books.
776 0 8 _iPrint version:
_aBryzgel, Amy.
_tPerforming the East : performance art in Russia, Latvia and Poland since 1980.
_dLondon, England ; New York : I.B. Tauris, 2012
_hxiii, 303 pages : illustrations ; 23 cm.
_z9781848859487
_w(OCoLC)852794429
797 2 _aebrary.
856 4 0 _uhttp://site.ebrary.com/lib/rucke/Doc?id=10773062
_zAn electronic book accessible through the World Wide Web; click to view
999 _c129466
_d129466